All Smiles some Tears little Fears : (Record no. 171624)

MARC details
000 -LEADER
fixed length control field 00557nam a2200181 4500
005 - DATE AND TIME OF LATEST TRANSACTION
control field 20201110111059.0
010 ## - LCCN (DPL NO)
LC control number ENG-127391
020 ## - INTERNATIONAL STANDARD BOOK NUMBER
International Standard Book Number 9789386473776
Terms of availability 350.00
035 ## - SYSTEM CONTROL NUMBER
System control number EN-110922
037 ## - SOURCE OF ACQUISITION
Source of stock number/acquisition DBAD/PUB
082 ## - DEWEY DECIMAL CLASSIFICATION NUMBER
Classification number S
100 ## - MAIN ENTRY--PERSONAL NAME
Personal name Kalra,Shireen
245 ## - TITLE STATEMENT
Title All Smiles some Tears little Fears :
Remainder of title blessing of stars/
Statement of responsibility, etc by Shireen Kalra.
260 ## - PUBLICATION, DISTRIBUTION, ETC. (IMPRINT)
Place of publication, distribution, etc New Delhi
Name of publisher, distributor, etc Vitasta Publishing
Date of publication, distribution, etc 2020
270 ## - ADDRESS
Address 2/15,Ansari-Road,Daryaganj
City New Delhi
Postal code 110002
Electronic mail address info@vitastapublishing.com
300 ## - PHYSICAL DESCRIPTION
Extent viii;216p.
Dimensions 20cm(pbk)
942 ## - ADDED ENTRY ELEMENTS (KOHA)
Source of classification or shelving scheme Dewey Decimal Classification
Item type English Books
Classification part S
Call number suffix KAL
Holdings
Withdrawn status Lost status Not for loan Collection code Home library Current library Date acquired Source of acquisition Cost, normal purchase price Full call number Barcode Copy number Cost, replacement price Koha item type
      Non-fiction Sarojini Nagar Sarojini Nagar 16/01/2020 DBAD/PUB 350.00 S KAL EN-110923 1 350.00 English Books

© Delhi Public Library
Hit Counter
free hit counter